| 000 | 00000nam##2200000za#4500 |
| 001 | 9.657894 |
| 003 | CaOODSP |
| 005 | 20220107134005 |
| 007 | ta |
| 008 | 150407|1993||||xxc||||| f|0| 0 fre|d |
| 020 | |a0-662-61980-3 |
| 040 | |aCaOODSP|bfre |
| 041 | |aeng |
| 041 | |afre |
| 043 | |an-cn--- |
| 086 | 1 |aH72-21/87-1995 |
| 110 | 2 |aCentre national d'information sur la violence dans la famille (Canada) |
| 245 | 10|aDécider de réagir : |bles adolescents et les agressions sexuelles / |cpar Frederick Mathews et Jean-Yves Frappier. |
| 260 | |aOttawa - Ontario : |bSanté Canada. |c1993, révisé 1995. |
| 300 | |aTexte français, 12p. : |bfigure, références ; |c23 cm. |
| 500 | |a«Cette brochure s'adresse aux adolescents qui ont commis une agression sexuelle. Elle contient des informations qui les aideront à comprendre ce qu'est une agression sexuelle et pourquoi ils ont posé un tel geste. Cette brochure est aussi destinée aux adolescents qui songent à commettre une agression sexuelle.»--Introduction. |
| 520 | 3 |aCette brochure s'adresse aux adolescents qui ont commis une agression sexuelle. Elle contient des informations qui les aideront à comprendre ce qu'est une agression sexuelle et pourquoi ils ont posé un tel geste. Cette brochure est aussi destinée aux adolescents qui songent à commettre une agression sexuelle.--Introduction |
| 546 | |aBilingue |
| 563 | |aCouverture souple |
| 590 | |a96-08|b1996-02-23 |
| 691 | 07|aCrime sexuel|2gcpds |
| 691 | 07|aAdolescent|2gcpds |
| 720 | 1 |aMathews, Frederick |
| 720 | 1 |aFrappier, Jean-Yves |
| 776 | 0#|tDécider de réagir : |w(CaOODSP)9.639859 |
| 776 | 0#|tMaking the decision to care : |w(CaOODSP)9.695736 |
| 791 | |tMaking the decision to care : |eeng|w(CaOODSP)9.657893 |